01315nam a2200313Ia 4500001001200000003000800012006001900020007001500039008004100054010001700095020001500112040002100127035002000148050002600168082001900194100003400213245008400247260007000331300001500401490005100416504006600467533015200533650004900685650004300734655002900777710001700806830005200823856012600875ebr10019071CaPaEBRm u cr cn|||||||||020429s2002 enk sb 001 0 eng d z 2002067663 z0521815649 aCaPaEBRcCaPaEBR a(OCoLC)5261382414aPN682.N65bB87 2002eb04a809/.933552211 aBurrow, J. A.q(John Anthony)10aGestures and looks in medieval narrativeh[electronic resource] /cJ.A. Burrow. aCambridge, U.K. ;aNew York :bCambridge University Press,c2002. axi, 200 p.1 aCambridge studies in medieval literature ;v48 aIncludes bibliographical references (p. 186-195) and indexes. aElectronic reproduction.bPalo Alto, Calif. :cebrary,d2013.nAvailable via World Wide Web.nAccess may be limited to ebrary affiliated libraries. 0aLiterature, MedievalxHistory and criticism. 0aNonverbal communication in literature. 7aElectronic books.2local2 aebrary, Inc. 0aCambridge studies in medieval literature ;v48.40uhttp://site.ebrary.com/lib/rucke/Doc?id=10019071zAn electronic book accessible through the World Wide Web; click to view